| 000 | 00477nam a2200145Ia 4500 | ||
|---|---|---|---|
| 008 | 150121s9999 xx 000 0 und d | ||
| 020 | _a1656-9474 | ||
| 245 |
_aKayamag : _bInterdisciplinary Forum on Science, Society and Letters / _h[electronic resource] |
||
| 260 |
_bCapitol University, _c2007. |
||
| 516 | _aElectronic text | ||
| 650 | _aArts and Sciences. | ||
| 830 | _aPhilippine E-Journals | ||
| 856 | _uhttp://www.ejournals.ph/index.php?journal=KAYAMAG | ||
| 942 | _cEJ | ||
| 999 |
_c277042 _d277042 |
||